000 00391nam a2200121Ia 4500
008 160319s9999 xx 000 0 und d
245 _aFirst Holy Communion of Stonyhurst Graders Sy 2004-2005 Disc 1 and 2 Dec. 10, 2004 /
245 _cStonyhurst Southville International School Batangas.
260 _c2004
300 _a1 videodisc :
300 _bsound, color. ;
300 _c4 3/4 in.
999 _c292617
_d292617